000 00669 a2200169 4500
999 _c290
_d290
020 _a156338356X (pbk. : alk. paper)
050 0 0 _aBS480 LAN 2002
100 1 _aLancaster, Sarah Heaner
_d1956-
_eauthor
245 1 0 _aWomen and the authority of Scripture :
_ba narrative approach /
_cSarah Heaner Lancaster.
264 _aPennsylvania:
_bTrinity press international,
_c2002
300 _aviii, 198 p. ;
500 _aIncludes index
504 _aIncludes bibliographical references
650 _areligion
942 _2lcc
_cBK
_h480
_iLAN
_kBS